Las luchas de clase en la URSS (Record no. 33637)

MARC details
000 -LEADER
campo de control de longitud fija 00583nam a2200181 i 4500
001 - NÚMERO DE CONTROL
campo de control 33637
003 - IDENTIFICADOR DE NÚMERO DE CONTROL
campo de control ES-MaACL
005 - FECHA Y HORA DE LA ÚLTIMA TRANSACCIÓN
campo de control 20230906154808.0
007 - CAMPO FIJO DE DESCRIPCIÓN FÍSICA--INFORMACIÓN GENERAL
campo de control de longitud fija t|
008 - DATOS DE LONGITUD FIJA--INFORMACIÓN GENERAL
campo de control de longitud fija 030203s1976 sp ||||1| spa d
100 1# - ENTRADA PRINCIPAL--NOMBRE DE PERSONA
Nombre de persona Bettelheim, Charles.
9 (RLIN) 28678
245 14 - MENCIÓN DEL TÍTULO
Título Las luchas de clase en la URSS
Resto del título : primer periodo, 1917-1923 /
Mención de responsabilidad, etc. por Charles Bettelheim ; [traducción de José Luis Alonso].
250 ## - MENCION DE EDICION
Mención de edición [1ª ed.].
260 ## - PUBLICACIÓN, DISTRIBUCIÓN, ETC.
Lugar de publicación, distribución, etc. Madrid, etc. :
Nombre del editor, distribuidor, etc. Siglo Veintiuno,
Fecha de publicación, distribución, etc. [1976]
300 ## - DESCRIPCIÓN FÍSICA
Extensión 522 p. ;
Dimensiones 21 cm.
700 1# - ENTRADA AGREGADA--NOMBRE PERSONAL
Nombre de persona Alonso, José Luis.
9 (RLIN) 20214
852 ## - LOCALIZACIÓN
Ubicación ES-MaACL
Número de control de estantería A-5954
Sublocalización o colección R.94793
Holdings
Estatus retirado Estado de pérdida Estado de daño No para préstamo Biblioteca de origen Biblioteca actual Ubicación en estantería Fecha de adquisición Fuente de adquisición Total de préstamos Signatura topográfica completa Código de barras Visto por última vez Precio de reemplazo Tipo de ítem Koha
        Biblioteca del Ateneo de Madrid Biblioteca del Ateneo de Madrid Sala Pecera Planta 1 17/01/2008     A-5954 1035008 23/02/2023 23/02/2023 Libro impreso